00461nam a2200193Ia 4500003000900000008004100009040001300050040001300063041000900076100001900085245002400104250001000128260001900138260000900157300001100166300001200177490000700189600007100196IT-RoPAU120407s9999 xx 000 0 und d aIT-RoPAU cIT-RoPAU alat  aBenedictus XIV aDe synodo diocesana aRomae aC. Barbiellini c1767 a688 p. c24x3 cm v13 aAccedunt annotationes ex aliis operibus eiusdem Pontif. depromptae